1399 1618 1953 1310 1329 1713 1842 1823 1833 1174 1538 1473 1396 1177 1178 1142 1760 1666 1559 1484 1516 1647 1735 1464 1473 1351 1001 1238 1316 1213 1590 1072 1116 1060 1716 1563 1742 1589 1679 1043 1691 1162 1218 1089 1817 1029 1659 1756 1842 1450 1362 1789 1223 1579 1431 1053 1016 1813 1617 1769 1206 1841 1901 1641 1414 1299 1104 1879 1465 1229 1079 1016 1498 1330 1733 1548 1898 1805 1986 1541 1537 1174 1928 1970 1511 1288 1482 1686 1135 1094 1114 1807 1031 1811 1056 1416 1191 1234 1644 BCNSPRNW ULIB Ver.6.0+V

เปลี่ยนเป็นภาษาไทย

Change to English
 แสดงรายละเอียดบรรณานุกรม
  กลับหน้าหลัก

Brief Record : Get Marc (ISO 2709) : E-mail record : QR code < ปิดหน้าต่าง
LEADER : 00000nam 2200000uu 4500
001    13399127415
003     ULIB
008    200520s2562||||th 000 0 tha d
020    ู^a9786162149368
050  0 ^aนว^bพ726บ
100    ^aพิมพ์อักษรา
245    ^aบัลลังก์ภูสรวง ตอน มนตร์ดาริกา
250    ^aพิมพ์ครั้งที่ 1
260    ^aกรุงเทพฯ :^bณ บ้านวรรณกรรม,^c2562
300    ^a496 หน้า;^b21 ซม.
650    ^aนวนิยาย
945    ^p360^l0^i007089
999    ^aประนอม เกษจรัล
รายการนี้ยังไม่มีแท็ก
คุณยังไม่ได้ล็อกอิน คุณสามารถมีกิจกรรมร่วมกับเว็บไซต์ได้ แต่ต้องล็อกอินก่อน ::
  ล็อกอิน

รายการสื่อสารสนเทศ

ลำดับที่ ประเภท เลขเรียก/บาร์โค้ด สถานที่ สถานะ
1. นวนิยาย
นวนิยาย
นว พ726บ ฉ.1 
  Barcode: 007089
ห้องสมุดวิทยาเขตสวรรค์ประชารักษ์
►หนังสือทั่วไป
บนชั้น

รายการใกล้เคียง
    ชื่อเรื่อง [บัลลังก์ภูสรวง ตอน มนตร์ดาริกา]

    ผู้แต่ง [พิมพ์อักษรา]

    หัวเรื่อง [นวนิยาย]

BibComment


ยังไม่เคยถูกคอมเมนท์

คอมเมนท์ทรัพยากรรายการนี้
  คอมเมนท์: บัลลังก์ภูสรวง ต..


 Copyright 2026. Bcnsprnw @Library